000 00268nam a22001097a 4500
082 _a004
100 _aTripati, Upendra nath
_980759
245 _aIntroduction to Computer Science
260 _aDelhi
_bRishabh books
_c2016
650 _aComputer Science
_916
942 _cBK
999 _c64017
_d64017